Five Countries With the Highest Unemployment by Continent - Statistics

General Stats
  • This quiz has been taken 42 times
  • The average score is 16 of 30
Answer Stats
Continent Unemployment Rate Country % Correct
South America 13.70% Brazil
88%
South America 11.50% Argentina
83%
South America 11.20% Chile
80%
South America 15.00% Colombia
80%
Europe 16.30% Greece
80%
Oceania 14.50% Samoa
73%
Oceania 13.30% Nauru
70%
Oceania 8.50% Tuvalu
70%
South America 10.50% Uruguay
70%
Europe 15.90% Bosnia and Herzegovina
65%
Oceania 8.60% Kiribati
65%
North America 18.60% Panama
65%
Oceania 8.90% Fed. States of Micronesia
63%
Europe 17.90% Montenegro
63%
Europe 17.20% North Macedonia
63%
Europe 15.50% Spain
63%
North America 17.40% Costa Rica
60%
North America 15.30% St. Lucia
55%
North America 18.80% St. Vincent and Grenadines
50%
Asia 13.10% Turkey
50%
North America 22.90% Grenada
48%
Asia 13.50% Yemen
40%
Africa 29.20% South Africa
38%
Asia 16.80% Jordan
25%
Asia 18.30% Armenia
20%
Africa 24.90% Botswana
18%
Asia 18.50% Georgia
18%
Africa 26.10% Djibouti
15%
Africa 22.70% Eswatini
15%
Africa 25.00% Equatorial Guinea
8%
No matching quizzes found
Score Distribution
Percent of People with Each Score
Percentile by Number Answered
Your Score History
You have not taken this quiz